000 00786nam a2200253Ia 4500
003 OSt
005 20220923220221.0
006 a|||||r|||| 00| 0
007 ta
008 220922b |||||||| |||| 00| 0 hin d
024 _a185,158
037 _cTextual
040 _aARTS
_cARTS
_bhin
041 _2hin
_ahin
082 _aO152,1NTRx, L3
100 _aत्रिपाठी, विशाल
245 0 _aद्वाभा
246 _aDvābhā
260 _aकानपुर
_b विनोद कीर्तन प्रचारक
_c1973
300 _a94 पृ.
_ccm.
650 _aहिन्दी साहित्य
_9156264
942 _hO152,1NTRx, L3
_cTEXL
_2CC
999 _c338404
_d338404